| 000 | 00765nam a2200217Ii 4500 | ||
|---|---|---|---|
| 003 | JO-AjNU | ||
| 008 | 230605s9999||||xx |||||||||||||| ||und|| | ||
| 017 | _a2005/8/2077 | ||
| 020 | _a9975-32-105-6 | ||
| 040 |
_aJO-AjNU _bara _erda _cJO-AjNU |
||
| 041 | _aara | ||
| 050 | 1 | 4 | _aQA37.3.S35 2006 |
| 100 | 3 |
_aسعيد، سهيلة عبدالله, _eauthor _933490 |
|
| 245 | 0 | 0 | _aالرياضيات بين النظرية والتطبيق =Mathmatics Between Theory and Application |
| 264 | 3 | 1 | _aعمان:دار الحامد ، 2006 |
| 300 | _a333ص | ||
| 336 |
_atext _btxt _2rdacontent |
||
| 337 |
_aunmediated _bn _2rdamedia |
||
| 338 |
_avolume _bnc _2rdacarrier |
||
| 650 | 4 |
_aالرياضيات -طرق التعليم - أساليب التدريس _933491 |
|
| 999 |
_aA13638 _c17206 _d17206 |
||